[Event "Akureyri Icelandic op"]
[Site "Akureyri"]
[Date "2019.05.25"]
[Round "1"]
[White "Gunnarsson, Helgi Petur"]
[Black "Bergsson, Stefan"]
[Result "0-1"]
[WhiteElo "1713"]
[BlackElo "2124"]
[PlyCount "86"]
[EventDate "2019.05.25"]
[EventType "swiss"]
[EventRounds "9"]
[EventCountry "ISL"]
[SourceTitle "CBM 190 Extra"]
[Source "ChessBase"]
[SourceDate "2019.07.15"]
[SourceVersion "1"]
[SourceVersionDate "2019.07.15"]
[SourceQuality "1"]

1. e4 c5 2. Nf3 d6 3. d4 cxd4 4. Nxd4 Nf6 5. Nc3 a6 6. a4 e6 7. Be2 Be7 8. f4 Qc7 9. 0-0 Nbd7 10. Kh1 b6 11. Qe1 Bb7 12. Bf3 Rb8 13. Qg3 Qc4 14. Be3 h5 15. Be2 Qc7 16. e5 Ng4 17. Bxg4 hxg4 18. f5 Rh3 19. Qxg4 Rxe3 20. fxe6 Nxe5 21. Qxg7 Bf8 22. Qg5 Re4 23. Nxe4 Bxe4 24. Rf4 Bg6 25. exf7+ Bxf7 26. Raf1 Qe7 27. Qf5 Bh6 28. Nc6 Nxc6 29. Qxf7+ Kd7 30. Qf5+ Kc7 31. Re4 Ne5 32. Qh5 Rh8 33. Rfe1 Kb7 34. Rxe5 dxe5 35. Qxe5 Qxe5 36. Rxe5 Bf4 37. h3 Rd8 38. Kg1 Bg3 39. Kf1 Rd1+ 40. Ke2 Re1+ 41. Kf3 Rxe5 42. Kxg3 Re2 43. Kf3 Rxc2 0-1

[Event "Reykjavik Taflfelag op"]
[Site "Reykjavik"]
[Date "2018.10.17"]
[Round "1"]
[White "Gunnarsson, Helgi Petur"]
[Black "Skarphedinsson, Ingvar Wu"]
[Result "1-0"]
[WhiteElo "1711"]
[BlackElo "1145"]
[PlyCount "109"]
[EventDate "2018.10.17"]
[EventType "swiss"]
[EventRounds "7"]
[EventCountry "ISL"]
[SourceTitle "CBM 187 Extra"]
[Source "ChessBase"]
[SourceDate "2018.11.04"]
[SourceVersion "1"]
[SourceVersionDate "2018.11.04"]
[SourceQuality "1"]

1. e4 e5 2. Nf3 Nc6 3. d4 exd4 4. Nxd4 Bc5 5. Nxc6 bxc6 6. Bc4 Nf6 7. e5 d5 8. exf6 Bxf2+ 9. Kxf2 Qxf6+ 10. Qf3 Qd4+ 11. Qe3+ Qxe3+ 12. Bxe3 dxc4 13. Bc5 Bf5 14. Re1+ Kd8 15. Na3 Be6 16. Rad1+ Kc8 17. Rd4 c3 18. b3 Rd8 19. Rxd8+ Kxd8 20. Nb1 Bf5 21. Re2 Bg4 22. Re3 Bf5 23. Rxc3 Kd7 24. Na3 Be6 25. Rd3+ Ke8 26. c4 a5 27. Nc2 a4 28. Nd4 Bd7 29. Re3+ Kd8 30. Re7 axb3 31. axb3 Ra2+ 32. Kf3 Be8 33. Nf5 Rb2 34. Nxg7 Rxb3+ 35. Re3 Rxe3+ 36. Kxe3 Bd7 37. Kf4 f6 38. Nh5 Be6 39. Nxf6 Bxc4 40. Nxh7 Bd5 41. g4 Bf7 42. Nf6 Kc8 43. h4 Kb7 44. h5 Ka6 45. h6 Bg6 46. h7 Bxh7 47. Nxh7 Kb5 48. Be3 c5 49. g5 c4 50. g6 c3 51. g7 c2 52. g8Q Kb4 53. Bd2+ Ka3 54. Qc4 c5 55. Bc1# 1-0

[Event "Reykjavik op"]
[Site "Reykjavik"]
[Date "2017.04.23"]
[Round "6"]
[White "Opasiak, Dustin Tennessee"]
[Black "Gunnarsson, Helgi Petur"]
[Result "1/2-1/2"]
[WhiteElo "1885"]
[BlackElo "1669"]
[PlyCount "60"]
[EventDate "2017.04.19"]
[EventType "swiss"]
[EventRounds "10"]
[EventCountry "ISL"]
[SourceTitle "CBM 178 Extra"]
[Source "ChessBase"]
[SourceDate "2017.06.22"]
[SourceVersion "1"]
[SourceVersionDate "2017.06.22"]
[SourceQuality "1"]

1. e4 c5 2. Nf3 Nc6 3. d4 cxd4 4. Nxd4 a6 5. Nc3 d6 6. Be3 Nf6 7. Be2 e5 8. Nxc6 bxc6 9. 0-0 Be7 10. Bc4 Nxe4 11. Nxe4 d5 12. Bd3 dxe4 13. Bxe4 Qc7 14. Qf3 Bd7 15. Rfd1 Rc8 16. Rxd7 Qxd7 17. Bf5 Qc7 18. Bxc8 Qxc8 19. Qg3 0-0 20. Qxe5 Bf6 21. Qa5 Bxb2 22. Rb1 Bf6 23. Bf4 Rd8 24. h3 Rd5 25. Qxd5 cxd5 26. Rb8 Qxb8 27. Bxb8 Kf8 28. Kf1 Ke7 29. Ke2 Kd7 30. Kd3 Kc6 1/2-1/2

[Event "Reykjavik op"]
[Site "Reykjavik"]
[Date "2017.04.22"]
[Round "5"]
[White "Gunnarsson, Helgi Petur"]
[Black "Haraldsson, Haraldur"]
[Result "0-1"]
[WhiteElo "1669"]
[BlackElo "1941"]
[PlyCount "72"]
[EventDate "2017.04.19"]
[EventType "swiss"]
[EventRounds "10"]
[EventCountry "ISL"]
[SourceTitle "CBM 178 Extra"]
[Source "ChessBase"]
[SourceDate "2017.06.22"]
[SourceVersion "1"]
[SourceVersionDate "2017.06.22"]
[SourceQuality "1"]

1. e4 c5 2. Nf3 d6 3. Bd3 Nc6 4. c3 g6 5. Bc2 Bg7 6. h3 e5 7. 0-0 Nge7 8. d3 0-0 9. Na3 h6 10. Nc4 f5 11. exf5 gxf5 12. Kh2 Be6 13. Bb3 d5 14. Ne3 Qd6 15. g3 Ng6 16. Ng2 Nce7 17. Qe2 Kh7 18. Bd2 b5 19. Rae1 Bf7 20. Nfh4 Nxh4 21. Nxh4 Bf6 22. Ng2 c4 23. dxc4 bxc4 24. Bc2 e4 25. Rd1 Be5 26. Bf4 Nc6 27. Bxe5 Nxe5 28. f4 exf3 29. Bxf5+ Kh8 30. Rxf3 Nxf3+ 31. Qxf3 Rae8 32. Ne3 Qe5 33. Nxd5 Bg6 34. Ne3 Bxf5 35. Re1 Be4 36. Qg4 Rf2+ 0-1